00623nam a2200217 i 4500001000400000100003000004245005300034260003000087300002500117504003200142650002800174655001700202020001500219040000800234041000800242920001800250942000700268008004100275999001700316952007200333bgj1 aGREEN, Jonathond(1948- )10aCassell's dictionary of slang /cJonathon Green. aLondon :bCassell,c2003. aX, 1316 pp ;c23 cm. aBiliography p. [1313]-1316. 9aEnglish languagexSlang aDictionaries a0304351679 cBPK0 aeng a0-304-35167-9 cKS s uk f |000 0 eng  c48745d48745 00104071aBPKbBPKcehoKA 6067p09051423t811.111(03) Ja-e,syKS